Score 0/42 Timer 04:00
0 Plays Today
Clue 4-Letter Word % Correct
AC/DC: 'Highway to ____'HELL
91.5%
Alexander Graham ____, telephone inventorBELL
90.6%
Strip worn around the waistBELT
89.6%
Remain aliveLIVE
87.9%
•____ [Last Rung], way to catch Pokémon•
Where Apollo 11 landed
•MOON•
87.6%
•____ [Last Rung], way to catch Pokémon•
Jump into a pool
•DIVE•
87.4%
Eat dinnerDINE
86.8%
Pass gasFART
86.1%
Breakfast, lunch, or dinnerMEAL
84.5%
Superlative of goodBEST
84.1%
•____ [Last Rung], way to catch Pokémon•
Zero, in tennis
•LOVE•
83.9%
Tree with long, sharp leavesPINE
83%
•____ [Last Rung], way to catch Pokémon•
Home to a bird
•NEST•
82.5%
Pass the tongue over somethingLICK
81.5%
•____ [Last Rung], way to catch Pokémon•
Cure a disease
•HEAL•
80.6%
•____ [Last Rung], way to catch Pokémon•
Put your car in its space
•PARK•
79.7%
Gaze at somethingLOOK
79.3%
Usher: 'Confessions ____ II'PART
77.9%
•____ [Last Rung], way to catch Pokémon•
Refrain from eating
•FAST•
77.8%
Piece of hairLOCK
77.6%
•[First Rung]____, way to catch Pokémon•
Tennis or billiards need
•BALL•
77.5%
Clue 4-Letter Word % Correct
Long-bodied freshwater fishPIKE
76.6%
CorridorHALL
75.5%
Tall, upright post on a boatMAST
75.1%
Foolish personLOON
74.9%
•____[Last Rung], way to catch Pokémon•
Pester the Pillsbury Doughboy
•POKÉ•
74.1%
Long, low soundMOAN
73.3%
•____ [Last Rung], way to catch Pokémon•
Time before nightfall
•DUSK•
72.4%
The ____, 1994 Jim Carrey filmMASK
72%
Taylor Swift songMEAN
71%
Thomas ____, US political cartoonistNAST
70.9%
Stop shortHALT
68.9%
Grain that has been steeped, germinated, and driedMALT
65.6%
Strong-smelling, reddish-brown substanceMUSK
65.3%
'The Legend of Zelda' protagonistLINK
63.3%
Knowledge on subjects held by a groupLORE
61.5%
•____ [Last Rung], way to catch Pokémon•
Attractor near a fishhook
•LURE•
60.9%
Dip in waterDUNK
59.4%
Criminal or hoodlumPUNK
54.5%
Lady ____, Polish rock bandPANK
50.6%
Crescent-shaped figureLUNE
47.5%
Slow-witted personLUNK
45%

Today's Daily Dose

Remove Ads.
Support Sporcle.
Get the best of Sporcle when you Go Orange. This ad-free experience offers more features, more stats, and more fun while also helping to support Sporcle. Thank you for becoming a member.

You're not logged in!

Compare scores with friends on all Sporcle quizzes.
OR
Log In

Show Comments

Extras

Top Quizzes Today


Score Distribution

Your Account Isn't Verified!

In order to create a playlist on Sporcle, you need to verify the email address you used during registration. Go to your Sporcle Settings to finish the process.

Report this User

Report this user for behavior that violates our Community Guidelines.

Details: